|
|
|
|
| LEADER |
00000nam a22000007a 4500 |
| 005 |
20191022133155.0 |
| 007 |
cr|||| |||| |
| 008 |
191022c20169999ca tr|w s|||| 0|||b1eng d |
| 022 |
|
|
|a 0068-1849
|
| 035 |
|
|
|a 22819
|
| 040 |
|
|
|a vLex
|
| 090 |
|
|
|c 9934
|d 9934
|
| 245 |
0 |
0 |
|a University of British Columbia Law Review
|h [Recurso electrn̤ico] /
|
| 256 |
|
|
|a Servicio en ln̕ea
|
| 260 |
|
|
|a Ottawa:
|b University of British Columbia Law Review Society (Canada),
|c 2016 -
|
| 300 |
|
|
|a 1 recurso electrn̤ico
|
| 310 |
|
|
|a Cuatrimestral
|
| 506 |
1 |
|
|a Disponible solo en los productos indicados
|d vLex Global
|d vLex Global (Academic Edition, excluding Law Schools)
|d vLex Global (U.S. Academic Edition, Law Schools)
|d vLex Global (U.S. Academic Edition, excluding Law Schools)
|d vLex Global (Academic Edition, Law Schools)
|
| 650 |
0 |
4 |
|a Derecho Civil
|z Canad̀
|
| 650 |
0 |
4 |
|a Derecho Pb︢lico y Administrativo
|z Canad̀
|
| 740 |
0 |
|
|a vLex Revistas (Servicio en ln̕ea)
|
| 856 |
4 |
0 |
|u http://vlex.com/source/university-of-british-columbia-law-review-22819
|z Acceso restringido
|
| 942 |
|
|
|c REV
|
| 999 |
0 |
|
|a Civil Law
|
| 999 |
0 |
|
|a Public and Administrative Law
|